Na Zemplíne je ďalší prípad afrického moru ošípaných

Bibliographic Details
Format: Article
Language:Slovak
PhysicalDescription:Čiernobiela fotografia
ISSN:2585-7355
Subjects:

MARC

LEADER 00000nab a2200000 4500
001 vtls011885984
003 SK-MaSNL
005 20260305025807.0
008 190909| 0816xo d||n || ||00 0|slo
040 |a TVZK  |b slo  |d TVZK  |e rda 
041 |a slo 
044 |a xo  |c SK 
072 7 |a 616  |x Patológia. Klinická medicína  |2 konspekt 
080 |a 616.98  |2 2011 
245 0 0 |a Na Zemplíne je ďalší prípad afrického moru ošípaných  |c [autor] (tasr) 
300 |b Čiernobiela fotografia 
336 |a text  |b txt  |2 rdacontent 
337 |a bez média  |b n  |2 rdamedia 
338 |a zväzok  |b nc  |2 rdacarrier 
650 0 7 |a mor  |2 tvzk  |9 16137 
651 7 |a Strážne (Slovensko)  |2 tvzk  |9 143102 
651 7 |a Veľký Kamenec (Slovensko)  |2 tvzk  |9 16897 
651 7 |a Somotor (Slovensko)  |2 tvzk  |9 52045 
651 7 |a Rad (Slovensko)  |2 tvzk  |9 60128 
651 7 |a Veľký Horeš (Slovensko)  |2 tvzk  |9 114832 
651 7 |a Streda nad Bodrogom (Slovensko)  |2 tvzk  |9 28593 
651 7 |a Svätá Mária (Slovensko)  |2 tvzk  |9 28667 
651 7 |a Vojka (Slovensko)  |2 tvzk  |9 28702 
651 7 |a Svinice (Slovensko)  |2 tvzk  |9 15471 
651 7 |a Trebišov (Slovensko : okres)  |2 tvzk  |9 56230 
773 0 |t Korzár  |g Roč. XXII. č. 190 (16.8.2019), s. 5  |x 2585-7355 
958 |a SK 
999 |c 3307521  |d 3309451